Obálka Náhled e-knihy:
PDF Epub
Pro půjčování e-knih musíte být přihlášeni.
Jak si půjčit online?

Přísahej /

Kristýna Kučerová je vzorná studentka z prominentní učitelské rodiny. O prázdninách nastupuje na brigádu v lese, kterou jí domluvila kamarádka. V krajině pod Sněžkou Kristýna objevuje úplně nový svět, než na jaký byla dosud zvyklá. Navzdory tomu (nebo právě proto) jí Krakonošovo království rychle př...

Celý popis

Uloženo v:
Hlavní autor: Toman, Tomáš (Autor)
Médium: E-kniha
Jazyk:Czech
Vydáno: Praha : E-knihy jedou, 2019
Tagy:
Žádné tagy
LEADER 01489nam a22002297i 4500
001 311103
007 ta
008 260601s2019 xr ||||| |||| 00| 0 cze d
020 |a 9990002022913 
044 |a xr 
100 1 |a  Toman, Tomáš  |4 aut 
245 1 0 |a Přísahej /  |c  Toman, Tomáš 
264 1 |a Praha :  |b E-knihy jedou,  |c 2019 
300 |a 1 online zdroj (328 stran) 
336 |a text  |b txt  |2 rdacontent 
337 |a bez média  |b n  |2 rdamedia 
338 |a online zdroj  |b cr  |2 rdacarrier 
520 2 |a Kristýna Kučerová je vzorná studentka z prominentní učitelské rodiny. O prázdninách nastupuje na brigádu v lese, kterou jí domluvila kamarádka. V krajině pod Sněžkou Kristýna objevuje úplně nový svět, než na jaký byla dosud zvyklá. Navzdory tomu (nebo právě proto) jí Krakonošovo království rychle přiroste k srdci. Zvlášť poté, co se seznámí s mladým traktoristou Romanem Krausem, jehož svět začíná v rodné vsi pod Rýchorami a končí na polesí, kde pracuje. Jen rodiče nesdílí Kristýnino nadšení… 
910 |a RBIT002 
998 |d 202291  |a https://core.palmknihy.cz/api/books/202291/cover?q071z8  |b https://core.palmknihy.cz/api/books/202291/cover/400?q071z8  |c https://core.palmknihy.cz/api/books/202291/cover/50?q071z8  |e   |g 328  |i 9990002022913  |j https://core.palmknihy.cz/api/books/202291/preview.epub  |k https://core.palmknihy.cz/api/books/202291/preview.pdf  |l   |q 49  |r 1  |s https://www.palmknihy.cz/kniha/202291  |t ebook  |y 2019  |z 1 
999 |d 311101